00427nam a2200133 450000500170000000800410001702000220005810000240008024500890010426000500019330000220024394200150026599900130028020260327114647.0260327b |||||||| |||| 00| 0 eng d a978-978-940-715-6 aMshelia Elijah Dika aTheoretical Mechanics II: Lagrangian and Hamiltonian Dynamics c/Elijah Dika Mshelia aIbadan, Nigeria;bUniversity Press PLC;c2023 ax,346p.ill;c22cm 2lccn0cBK c206d206